Cyber Security and Penetration Testing (Record no. 13232)

MARC details
000 -LEADER
fixed length control field 00429nam a22001817a 4500
003 - CONTROL NUMBER IDENTIFIER
control field OSt
008 - FIXED-LENGTH DATA ELEMENTS--GENERAL INFORMATION
fixed length control field 250403b |||||||| |||| 00| 0 eng d
020 ## - INTERNATIONAL STANDARD BOOK NUMBER
International Standard Book Number 9788131533444
082 ## - DEWEY DECIMAL CLASSIFICATION NUMBER
Classification number 005.7
Item number BAC
100 ## - MAIN ENTRY--PERSONAL NAME
Personal name BASTA,Alfred
245 ## - TITLE STATEMENT
Title Cyber Security and Penetration Testing
250 ## - EDITION STATEMENT
Edition statement 2nd Ed
260 ## - PUBLICATION, DISTRIBUTION, ETC. (IMPRINT)
Place of publication, distribution, etc New Delhi
Name of publisher, distributor, etc Cengage
Date of publication, distribution, etc 2023
300 ## - PHYSICAL DESCRIPTION
Extent 376
700 ## - ADDED ENTRY--PERSONAL NAME
Personal name BASTA,Nadine
700 ## - ADDED ENTRY--PERSONAL NAME
Personal name BROWN,Mary
942 ## - ADDED ENTRY ELEMENTS (KOHA)
Source of classification or shelving scheme Dewey Decimal Classification
Koha item type Text Books
Holdings
Withdrawn status Lost status Source of classification or shelving scheme Damaged status Not for loan Collection code Home library Current library Date acquired Source of acquisition Currency Cost, normal purchase price Bill Number Total Checkouts Full call number Acc. no. / Barcode Date last seen Actual Cost, discounted price Bill Date Koha item type Date last borrowed
    Dewey Decimal Classification     B.Tech(CSE) PIET C-LIBRARY PIET C-LIBRARY 28/03/2025 Zaffa Books INR 425.00 ZBD0587   005.7 BAC 38900 03/04/2025 306.00 28/03/2025 Reference Books  
    Dewey Decimal Classification     B.Tech(CSE) PIET C-LIBRARY PIET C-LIBRARY 28/03/2025 Zaffa Books INR 425.00 ZBD0587 1 005.7 BAC 38901 06/05/2025 306.00 28/03/2025 Text Books 22/04/2025
    Dewey Decimal Classification     B.Tech(CSE) PIET C-LIBRARY PIET C-LIBRARY 28/03/2025 Zaffa Books INR 425.00 ZBD0587 1 005.7 BAC 38902 20/05/2025 306.00 28/03/2025 Text Books 06/05/2025
    Dewey Decimal Classification     B.Tech(CSE) PIET C-LIBRARY PIET C-LIBRARY 28/03/2025 Zaffa Books INR 425.00 ZBD0587   005.7 BAC 38903 03/04/2025 306.00 28/03/2025 Text Books  
    Dewey Decimal Classification     B.Tech(CSE) PIET C-LIBRARY PIET C-LIBRARY 28/03/2025 Zaffa Books INR 425.00 ZBD0587   005.7 BAC 38904 03/04/2025 306.00 28/03/2025 Text Books  

Design & Developed by: PIET Central Library
R70 Miles Stone Pattikalyana Samalkha Panipat 132102
mail ID :- [email protected], Phone No:- 0180-2569700 Ex.216